The Bible Jesus read / (Record no. 9538)
[ view plain ]
| 000 -LEADER | |
|---|---|
| fixed length control field | 01700cam a2200361Ii 4500 |
| 001 - CONTROL NUMBER | |
| control field | 49658738 |
| 003 - CONTROL NUMBER IDENTIFIER | |
| control field | OCoLC |
| 005 - DATE AND TIME OF LATEST TRANSACTION | |
| control field | 20241126110714.0 |
| 008 - FIXED-LENGTH DATA ELEMENTS--GENERAL INFORMATION | |
| fixed length control field | 020424r20021999miu 000 0 eng d |
| 010 ## - | |
| -- | 2004555391 |
| 020 ## - INTERNATIONAL STANDARD BOOK NUMBER | |
| International Standard Book Number | 0310245664 |
| 020 ## - INTERNATIONAL STANDARD BOOK NUMBER | |
| International Standard Book Number | 9780310245667 |
| 020 ## - INTERNATIONAL STANDARD BOOK NUMBER | |
| International Standard Book Number | 0310228344 |
| 020 ## - INTERNATIONAL STANDARD BOOK NUMBER | |
| International Standard Book Number | 9780310228349 |
| 035 ## - SYSTEM CONTROL NUMBER | |
| System control number | (OCoLC)49658738 |
| 040 ## - CATALOGING SOURCE | |
| Original cataloging agency | WTS |
| Language of cataloging | eng |
| Description conventions | rda |
| Transcribing agency | WTS |
| Modifying agency | BAKER |
| -- | BTCTA |
| -- | YDXCP |
| -- | GACCL |
| -- | BDX |
| -- | OCLCQ |
| -- | OCLCF |
| -- | OCLCO |
| -- | OCLCQ |
| -- | OCLCA |
| -- | PX9 |
| -- | ALV |
| 050 #4 - | |
| -- | BS1171.2 |
| -- | .Y36 2002 |
| 050 #4 - | |
| -- | BS1171.2 |
| -- | .Y36 2002 |
| 082 ## - DEWEY DECIMAL CLASSIFICATION NUMBER | |
| Classification number | 221.6 |
| Item number | YAN |
| 100 1# - MAIN ENTRY--PERSONAL NAME | |
| Personal name | Yancey, Philip, |
| Relator term | author. |
| 9 (RLIN) | 6524 |
| 245 14 - TITLE STATEMENT | |
| Title | The Bible Jesus read / |
| Statement of responsibility, etc. | Philip Yancey. |
| 264 #1 - PRODUCTION, PUBLICATION, DISTRIBUTION, MANUFACTURE, AND COPYRIGHT NOTICE | |
| Place of production, publication, distribution, manufacture | Grand Rapids, MI : |
| Name of producer, publisher, distributor, manufacturer | Zondervan, |
| Date of production, publication, distribution, manufacture, or copyright notice | [2002] |
| 264 #4 - PRODUCTION, PUBLICATION, DISTRIBUTION, MANUFACTURE, AND COPYRIGHT NOTICE | |
| Date of production, publication, distribution, manufacture, or copyright notice | ℗♭1999 |
| 300 ## - PHYSICAL DESCRIPTION | |
| Extent | 221 pages ; |
| Dimensions | 22 cm |
| 336 ## - CONTENT TYPE | |
| Content type term | text |
| Content type code | txt |
| Source | rdacontent |
| 337 ## - MEDIA TYPE | |
| Media type term | unmediated |
| Media type code | n |
| Source | rdamedia |
| 338 ## - CARRIER TYPE | |
| Carrier type term | volume |
| Carrier type code | nc |
| Source | rdacarrier |
| 500 ## - GENERAL NOTE | |
| General note | This book has been contributed to the Capital University Library by the Capital University Alumnae Assn in Honor of Dottie Winter, recipient of the 2007 Martha Service Award. |
| 505 00 - FORMATTED CONTENTS NOTE | |
| Title | Is the Old Testament worth the effort? -- |
| -- | Job : seeing in the dark -- |
| -- | Deuteronomy : a taste of bittersweet -- |
| -- | Psalms : spirituality in every key -- |
| -- | Ecclesiastes : the end of wisdom -- |
| -- | Prophets : God talks back -- |
| -- | Advance echoes of a final answer. |
| 520 0# - SUMMARY, ETC. | |
| Summary, etc. | The Old Testament is God's biography, the story of his passionate encounters with people and also a prequel to the story of Jesus. This book explores the sometimes shocking and cryptic writings in an effort to know God better. |
| 630 00 - SUBJECT ADDED ENTRY--UNIFORM TITLE | |
| Uniform title | Bible. |
| Name of part/section of a work | Old Testament |
| General subdivision | Criticism, interpretation, etc. |
| 9 (RLIN) | 57 |
| 942 ## - ADDED ENTRY ELEMENTS (KOHA) | |
| Source of classification or shelving scheme | Dewey Decimal Classification |
| Koha item type | Books |
| Koha issues (borrowed), all copies | 4 |
| Withdrawn status | Lost status | Source of classification or shelving scheme | Damaged status | Not for loan | Home library | Current Library | Shelving location | Date acquired | Total checkouts | Full call number | Barcode | Date last seen | Date last checked out | Copy number | Price effective from | Koha item type |
|---|---|---|---|---|---|---|---|---|---|---|---|---|---|---|---|---|
| Dewey Decimal Classification | GRACE BIBLE COLLEGE | GRACE BIBLE COLLEGE | Biblical Studies | 2023-03-14 | 4 | 221.6 YAN | 016030 | 2025-05-01 | 2024-07-16 | c.1 | 2023-03-14 | Books |